Financial strategies and public polocies : Banking, insurance and industry

Bibliographic Details
Other Authors: Mikdashi, Zuhayr M.
Format: Book
Published: New York : St. Martin Press , 1993
Subjects:

MARC

LEADER 00000cam a2200000 7i4500
001 0000009453
005 20150703.0
020 |a 0130911133 
040 |a INS 
090 0 0 |a HG175   |b F56 1993 
245 1 0 |a Financial strategies and public polocies :   |b Banking, insurance and industry   |c edited by Zuhayr M. Mikdashi 
260 |a New York :   |b St. Martin Press ,   |c 1993 
300 |a 210p ;   |c 21cm. 
650 0 0 |a Economic policy 
650 0 0 |a Finance 
700 1 |a Mikdashi, Zuhayr M. 
999 |a 0000022004   |b BOOK   |c Open Shelf   |e Default branch